| 000 | 01180nam a2200277Ia 4500 | ||
|---|---|---|---|
| 003 | OSt | ||
| 005 | 20220923211545.0 | ||
| 006 | a|||||r|||| 00| 0 | ||
| 007 | ta | ||
| 008 | 220922b |||||||| |||| 00| 0 hin d | ||
| 020 |
_a9789384113191 (hbk) _c500 |
||
| 024 | _a348,204 | ||
| 037 |
_b236, 16/01/2019, Eastern Book Linkers _cTextual |
||
| 040 |
_aARTS _cARTS _bhin |
||
| 041 |
_2hin _ahin |
||
| 082 | _aR65,6:g, 152Q7 | ||
| 100 | _aओबराय, हरवंशलाल, ले. | ||
| 245 | 0 |
_aगीता का पूर्वपक्ष और उत्तर पक्ष _b गीता का प्रथम एवं द्वितीय अध्याय |
|
| 246 | _aGītā kā pūrvapakṣha aur uttar pakṣha: gītā kā pratham evan dvitīya adhyāya | ||
| 260 |
_aजयपुर _b ज्ञान गंगा प्रकाशन _c2017 |
||
| 300 |
_a568पृ. _ccm. |
||
| 650 | _a भगवत् गीता | ||
| 650 | _aभारतीय दर्शन | ||
| 942 |
_hR65,6:g, 152Q7 _cTEXL _2CC |
||
| 999 |
_c300776 _d300776 |
||